<?xml version="1.0" encoding="UTF-8"?>
<marc:record xmlns:marc="http://www.loc.gov/MARC21/slim">
   <marc:leader>00000nam a2200000 a 4500</marc:leader>
   <marc:datafield ind1="0" ind2="0" tag="245">
      <marc:subfield code="a">SOS Affenalarm [Spiel]</marc:subfield>
   </marc:datafield>
   <marc:datafield ind1="0" ind2="0" tag="245">
      <marc:subfield code="b">Lasst die Affen nicht purzeln!</marc:subfield>
   </marc:datafield>
   <marc:datafield ind1=" " ind2="1" tag="264">
      <marc:subfield code="b">Mattel</marc:subfield>
   </marc:datafield>
   <marc:datafield ind1="1" ind2=" " tag="520">
      <marc:subfield code="a">Mikado war gestern. Heute spielt man in der dritten, fantastischen Dimension. Und das macht sogar die Affen im Dschungel spielverrückt, frei nach dem Spieltitel: S.O.S. Affenalarm. Spielplatz ist eine dreidimensionale große Affenpalme!  Reihum müssen die Spieler würfeln und die Stäbchen herausziehen, ohne dass sein Affe dabei herunterfällt.</marc:subfield>
   </marc:datafield>
   <marc:datafield ind1=" " ind2=" " tag="020">
      <marc:subfield code="a">5011363525630</marc:subfield>
      <marc:subfield code="9">5011363525630</marc:subfield>
   </marc:datafield>
   <marc:datafield ind1=" " ind2=" " tag="500">
      <marc:subfield code="a">1 Affenbaum (Bodenplatte, 2 zusammensteckbare Baumteile, 1Palmwedel), 30 Affen, 30 Stäbe (je 10 in grün, orange, pink), 1 Sonderwürfel, Spielanleitung dig.</marc:subfield>
   </marc:datafield>
   <marc:datafield ind1="0" ind2=" " tag="490">
      <marc:subfield code="v">0</marc:subfield>
   </marc:datafield>
</marc:record>
